Bundesliga - Statystyki

Ogólne statystyki
  • Ten quiz został rozwiązany 66 razy
  • Średni wynik to 9 z 18
Statystyki odpowiedzi
Odpowiedź % Poprawnych
Bayer Leverkusen
100%
Bayern Monachium
98%
Borussia Dortmund
94%
Borussia Moenchengladbach
63%
Eintracht Frankfurt
58%
VfL Wolfsburg
56%
RB Lipsk
54%
1.FC Union Berlin
50%
Werder Brema
50%
VfB Stuttgart
46%
FC Augsburg
44%
Bochum
40%
1.FSV Mainz 05
38%
SC Freiburg
35%
TSG Hoffenheim
33%
Heidenheim
27%
1.FC Koeln
23%
Darmstadt
19%
Nie znaleziono quizów pasujących do podanych kryteriów
Rozkład punktacji
Procent ludzi z każdym wynikiem
Percentyl według liczby udzielonych odpowiedzi
Twoja historia wyników
Nie rozwiązałeś tego quizu